Score 0/10 Timer 01:00
0 Plays Today
% Correct
Dodo
91.9%
Woolly Mammoth
88.1%
Sabre-toothed Cat
86.4%
Tasmanian Tiger
75.2%
Great Auk
75.2%
Passenger or Wild Pigeon
64.2%
Chinese River Dolphin
63.3%
Steller's Sea Cow
58.5%
West African Black Rhinoceros
56%
Pyrenean Ibex
53.1%

Today's Daily Dose

Remove Ads.
Support Sporcle.
Get the best of Sporcle when you Go Orange. This ad-free experience offers more features, more stats, and more fun while also helping to support Sporcle. Thank you for becoming a member.

You're not logged in!

Compare scores with friends on all Sporcle quizzes.
OR
Log In

Show Comments

Extras

Top Quizzes Today


Score Distribution

Your Account Isn't Verified!

In order to create a playlist on Sporcle, you need to verify the email address you used during registration. Go to your Sporcle Settings to finish the process.

Report this User

Report this user for behavior that violates our Community Guidelines.

Details: